00518nam a2200181Ia 4500008004100000020001800041082001800059100002300077245002600100250000600126260002900132300001400161500002400175650001500199942000700214952009800221999001700319230524s9999 xx 000 0 und d a9788131755921 a621.3821bRAM aN.V. Ramana942826 0aPower System Analysis a1 aNew DelhibPearsonc2011 a"X,441p;" aQuantity Number: 1 aElectrical cBK 00104070aTATCLbTATCLcGENd2023-05-24l0o621.3821 RAMp54108r2023-05-24w2023-05-24yBK c57796d57796